Gala 1 OT2025 - Estadísticas

Estadísticas generales
  • Esta prueba ha sido intentada 105 veces
  • La puntuación promedio es 8 de 9
Estadísticas de respuestas
Imagen Hint Respuesta % Correcto
Guillo Rist y Cristina APT
99%
María Cruz y Téyou Canijo
97%
Claudia Arenas y Judit Carita triste
94%
Crespo y Guille Toledano Mariposas
94%
Grupal Yo quiero bailar
90%
Salma de Diego y Max We Don't Talk Anymore
82%
Olivia e Iván Rojo I like the way you kiss me
81%
Lucía Casani y Carlos La danza de las libélulas
71%
Laura Muñoz y Tinho Against all odds
43%
No se encontraron pruebas coincidentes
Distribución de puntuación
Porcentaje de gente con cada puntuación
Porcentaje por número respondido
Historial de tus puntuaciones
No has intentado esta prueba.